Flags without red or black - Statistics

General Stats
  • This quiz has been taken 455 times
    398 since last reset
  • The average score is 21 of 38
Answer Stats
% Correct
South America Argentina
75%
Europe Finland
75%
Europe Sweden
75%
South America Brazil
71%
Central America Honduras
71%
Europe Ireland
71%
Europe Greece
70%
Central America Guatemala
70%
Oceania Palau
69%
South America Uruguay
68%
Europe Ukraine
67%
Central America El Salvador
65%
Central America Nicaragua
64%
Africa Somalia
64%
Asia India
63%
Africa Niger
61%
Africa Nigeria
60%
Oceania Micronesia
58%
Asia Saudi Arabia
58%
Oceania Nauru
57%
Asia Kazakhstan
55%
Asia Israel
53%
Asia Pakistan
53%
Europe Cyprus
52%
Oceania Marshall Islands
52%
Africa Côte d'Ivoire
51%
Oceania Solomon Islands
50%
Europe Bosnia and Herzegovina
47%
Europe San Marino
47%
Asia Bhutan
43%
Africa Gabon
41%
Africa Rwanda
40%
Africa Sierra Leone
40%
Central America Saint Vincent and the Grenadines
37%
Europe Latvia
34%
Asia Qatar
34%
Asia Sri Lanka
32%
Africa Mauritania
30%
No matching quizzes found
Score Distribution
Percent of People with Each Score
Percentile by Number Answered
Your Score History
You have not taken this quiz since the last reset